000 00860nas a2200289 4500
001 BR0103003
003 BR-BrBNA
005 20231205102322.0
007 ta
008 230509b bl.|||p| |||| 00| 00por d
040 _aBR-BrBNA
_bpor
_cBiblioteca Nacional de Agricultura
041 _a(Pt)
072 _aL73
100 1 _aBaldassi, L.
100 1 _aCalil, E.M.B.
100 1 _aPortugal, M.A.S.C.
100 1 _aGuerra, J.L.
100 1 _aProba, G.S.
245 1 _aMastite gangrenosa bovina causada por agentes do genero Clostridium
650 _aGado Leiteiro
650 _aMamite
650 _aBacteria Anaerobia
650 _aAnalise de Laboratorio
773 0 _tArquivos do Instituto Biologico (Brazil)
_xISSN 0020-3653
_g(Jan-Dec 1995), v. 62(1-2) p. 15-20
_wBR0103003
909 _a202311
_bLúcia
_c55
_dLúcia Elande
942 _2AGRIS
_n0
_cANA
999 _c166956
_d166956